Where is God when it hurts / (Record no. 3651)
[ view plain ]
| 000 -LEADER | |
|---|---|
| fixed length control field | 00798pam a2200253 a 4500 |
| 001 - CONTROL NUMBER | |
| control field | 1963527 |
| 003 - CONTROL NUMBER IDENTIFIER | |
| control field | GBCCL |
| 005 - DATE AND TIME OF LATEST TRANSACTION | |
| control field | 20241126110459.0 |
| 008 - FIXED-LENGTH DATA ELEMENTS--GENERAL INFORMATION | |
| fixed length control field | 880128t19881977nyu b 000 0 eng |
| 010 ## - | |
| -- | 88002519 |
| 020 ## - INTERNATIONAL STANDARD BOOK NUMBER | |
| International Standard Book Number | 0802726135 (lg. print) |
| 040 ## - CATALOGING SOURCE | |
| Original cataloging agency | DLC |
| Transcribing agency | DLC |
| Modifying agency | DLC |
| 050 00 - | |
| -- | BT732.7 |
| -- | .Y36 1988 |
| 082 00 - DEWEY DECIMAL CLASSIFICATION NUMBER | |
| Classification number | 248.86 |
| Edition information | 19 |
| Item number | YAN |
| 100 1# - MAIN ENTRY--PERSONAL NAME | |
| Personal name | Yancey, Philip. |
| 9 (RLIN) | 6524 |
| 245 10 - TITLE STATEMENT | |
| Title | Where is God when it hurts / |
| Statement of responsibility, etc. | Philip Yancey. |
| 250 ## - EDITION STATEMENT | |
| Edition statement | 1st Indian ed. |
| 260 ## - PUBLICATION, DISTRIBUTION, ETC. | |
| Place of publication, distribution, etc. | Madras : |
| Name of publisher, distributor, etc. | Indian youth for christ, |
| Date of publication, distribution, etc. | 1981. |
| 300 ## - PHYSICAL DESCRIPTION | |
| Extent | 159 p. ; |
| Dimensions | 21 cm. |
| 500 ## - GENERAL NOTE | |
| General note | Originally published: Grand Rapids, Mich. : Zondervan Pub. House, c1977. |
| 650 #0 - SUBJECT ADDED ENTRY--TOPICAL TERM | |
| Topical term or geographic name entry element | Suffering |
| General subdivision | Religious aspects |
| -- | Christianity. |
| 9 (RLIN) | 472 |
| 906 ## - LOCAL DATA ELEMENT F, LDF (RLIN) | |
| a | 7 |
| b | cbc |
| c | orignew |
| d | 1 |
| e | ocip |
| f | 19 |
| g | y-gencatlg |
| 942 ## - ADDED ENTRY ELEMENTS (KOHA) | |
| Source of classification or shelving scheme | Dewey Decimal Classification |
| Koha item type | Books |
| Koha issues (borrowed), all copies | 13 |
| Withdrawn status | Lost status | Source of classification or shelving scheme | Damaged status | Not for loan | Home library | Current Library | Shelving location | Date acquired | Total checkouts | Total renewals | Full call number | Barcode | Date last seen | Date last checked out | Copy number | Price effective from | Koha item type |
|---|---|---|---|---|---|---|---|---|---|---|---|---|---|---|---|---|---|
| Dewey Decimal Classification | GRACE BIBLE COLLEGE | GRACE BIBLE COLLEGE | Ministry & Mission | 2017-11-30 | 2 | 1 | 248.86 YAN | 003567 | 2025-05-01 | 2025-01-13 | c.1 | 2017-11-30 | Books | ||||
| Dewey Decimal Classification | GRACE BIBLE COLLEGE | GRACE BIBLE COLLEGE | Ministry & Mission | 2017-11-30 | 8 | 248.86 YAN | 003568 | 2025-05-01 | 2024-02-03 | c.2 | 2017-11-30 | Books | |||||
| Dewey Decimal Classification | GRACE BIBLE COLLEGE | GRACE BIBLE COLLEGE | Ministry & Mission | 2017-11-30 | 4 | 248.86 YAN | 003569 | 2025-05-01 | 2024-02-03 | c.3 | 2017-11-30 | Books | |||||
| Dewey Decimal Classification | GRACE BIBLE COLLEGE | GRACE BIBLE COLLEGE | Ministry & Mission | 2022-02-14 | 248.86 YAN | 005392 | 2025-05-01 | c.1 | 2022-02-14 | Books |